|
|
|
|
| LEADER |
00660cam a2200193 i 4500 |
| 020 |
|
|
|a 0669936669
|
| 082 |
0 |
0 |
|a 301.32
|b ISS
|
| 100 |
|
|
|a Issues in population education
|
| 245 |
0 |
0 |
|a Issues in population education:
|c edited by David Kline, David Harman
|
| 260 |
|
|
|a Lexington, Mass. :
|b Lexington Books,
|c 1976
|
| 300 |
|
|
|a xiii, 286 p.:
|
| 500 |
|
|
|a Includes index.
|
| 504 |
|
|
|a Bibliography: p. 267-279.
|
| 650 |
|
0 |
|a Population
|
| 700 |
1 |
|
|a Kline, David K.
|
| 700 |
1 |
|
|a Harman, David,
|
| 942 |
|
|
|c BK
|
| 999 |
|
|
|c 298503
|d 298503
|
| 952 |
|
|
|0 0
|1 0
|4 0
|6 301_320000000000000_ISS_I
|7 0
|8 NFIC
|9 318060
|a DEM
|b DEM
|d 2020-09-16
|l 0
|o 301.32 ISS/I
|p DEM1327
|r 2020-09-16
|w 2020-09-16
|y BK
|